00431pab a2200133 454500008004000000100002300040245010900063260000900172300001100181362000900192650003800201700002100239773003700260180718b1988 xxu||||| |||| 00| 0 eng d aCovaleski, Mark A. aAn institutional perspective on the rise, social transformation and fall of a university budget category c1988 a562-87 aDec. aCollege and Universities - Budget aMark W. Dirsmith aAdministrative Science Quarterly